000 01991nam a2200301 i 4500
003 DO-SdBNP
005 20230522144536.0
006 a||||gr|||| 00| 0
007 ta
008 230519e2022 dr aobcgr|||| 001 edspa d
020 _a9789945635119
040 _aDO-SdBNP
_bspa
_cBNPHU
_erda
082 4 _222
_bA452h
100 1 _924304
_aAlmonte, Francisco
245 1 0 _aHistoriografía de la provincia Valverde. /
_cFrancisco Almonte.
264 3 0 _aSanto Domingo :
_bSantuario,
_c2022
300 _a286 páginas
_bIlustraciones, fotografías, mapas, retrato ;
_c22 cm
336 _2rdaconte
_atexto
_btxt
337 _2rdamedia
_asin medición
_bn
338 _2rdacarrier
_avolumen
_bnc
500 _aIncluye datos biográficos del autor en las solapas de las cubiertas
500 _aIncluye bibliografía y notas al pie de páginas
504 _aBibliografía: páginas 285 - 286
505 _aAgradecimiento.
_gPrefacio.
_tPerfil biográfico de José Desiderio Valverde.--
_tPanorama de la provincia Valverde
_tMunicipio Santa Cruz de Mao.--
_tHitos en el desarrollo histórico de Mao.--
_tEscudo del municipio de Mao.--
_tHimno municipal de Mao.--
_tLímites geográficos de Mao.--
_tJuntas de vecinos por zona.--
_tIndicadores estadísticos de Mao.--
_tContexto sociocultural de Mao.--
_tDistrito municipal de Mao.--
505 _aCiudadanos destacados de Mao.--
_tMunicipio Esperanza.--
_tHitos en el desarrollo histórico de Esperanza.--
_tEscudo del municipio Esperanza
_tDistritos municipales el municipio Esperanza.--
_tIndicadores estadísticos del municipio Esperanza.--
_tDistritos municipales del municipio Esperanza.--
_tCiudadanos destacados de Esperanza.--
_tMunicipio Laguna Salada.--
_tHitos en desarrollo histórico de Laguna Salada.--
_tEscudo de Laguna Salada.--
_tIndicadores estadísticos del municipio de Laguna Salada.--
_tContexto sociocultural de Laguna Salada.--
_tCiudadanos destacados de Laguna Salada.--
_tBibliografía.
590 _aInventariado 2023 / MF
942 _2ddc
_cLBS1
999 _c53580
_d53580